Las ocho horas : (Record no. 22405)

000 -CABECERA
campo de control de longitud fija 01228nam a22002657a 4500
003 - IDENTIFICADOR DEL NÚMERO DE CONTROL
campo de control OSt
005 - FECHA Y HORA DE LA ÚLTIMA TRANSACCIÓN
campo de control 20220603144447.0
008 - DATOS DE LONGITUD FIJA--INFORMACIÓN GENERAL
campo de control de longitud fija 220602b ||||| |||| 00| 0 spa d
020 ## - NÚMERO INTERNACIONAL ESTÁNDAR DEL LIBRO
Número Internacional Estándar del Libro 9786124790737
040 ## - FUENTE DE LA CATALOGACIÓN
Centro/agencia transcriptor Biblioteca Municipal de Cusco
082 ## - NÚMERO DE LA CLASIFICACIÓN DECIMAL DEWEY
Número de clasificación 331.88/L54
Notación interna L54
100 ## - ENTRADA PRINCIPAL--NOMBRE DE PERSONA
Nombre de persona Lévano la Rosa, Edmundo Dante
Fechas asociadas al nombre 1926-2019
9 (RLIN) 48053
245 ## - MENCIÓN DE TÍTULO
Título Las ocho horas :
Resto del título la historia real de una conquista exclusivamente obrera /
Mención de responsabilidad, etc. César Lévano
250 ## - MENCIÓN DE EDICIÓN
Mención de edición Segunda edición
260 ## - PUBLICACIÓN, DISTRIBUCIÓN, ETC.
Lugar de publicación, distribución, etc. Lima :
Nombre del editor, distribuidor, etc. Sinco Editores,
Fecha de publicación, distribución, etc. 2019.
300 ## - DESCRIPCIÓN FÍSICA
Extensión 106, [2] páginas. :
Otras características físicas ilustraciones., facsíms., retrs. ;
Dimensiones 25 cm.
500 ## - NOTA GENERAL
Nota general Antes del título: Edición del Centenario.
505 ## - NOTA DE CONTENIDO CON FORMATO
Nota de contenido con formato Con banderas de conciencia y rebeldía la clase obrera entra en escena. La matanza de Chicama y César Vallejo. Esteban Pavletich desenmascara a Haya de la Torre. Tempestad obrera. Las matanzas de Huacho.
650 ## - PUNTO DE ACCESO ADICIONAL DE MATERIA--TÉRMINO DE MATERIA
Término de materia o nombre geográfico como elemento de entrada Sindicalismo
Subdivisión de forma Historia
Subdivisión geográfica Perú
9 (RLIN) 48054
650 ## - PUNTO DE ACCESO ADICIONAL DE MATERIA--TÉRMINO DE MATERIA
Término de materia o nombre geográfico como elemento de entrada Jornada de ocho horas
Subdivisión de forma Historia
Subdivisión geográfica Perú
9 (RLIN) 48055
650 ## - PUNTO DE ACCESO ADICIONAL DE MATERIA--TÉRMINO DE MATERIA
Término de materia o nombre geográfico como elemento de entrada Revoluciones (Obreros)
Subdivisión de forma Historia
Subdivisión geográfica Perú
9 (RLIN) 48056
650 ## - PUNTO DE ACCESO ADICIONAL DE MATERIA--TÉRMINO DE MATERIA
Término de materia o nombre geográfico como elemento de entrada Trabajadores
Subdivisión general Condiciones sociales
Subdivisión cronológica Siglo XX
Subdivisión geográfica Perú
9 (RLIN) 48057
650 ## - PUNTO DE ACCESO ADICIONAL DE MATERIA--TÉRMINO DE MATERIA
Término de materia o nombre geográfico como elemento de entrada Obreros
Subdivisión general Condiciones sociales
Subdivisión cronológica Siglo XX
Subdivisión geográfica Perú
9 (RLIN) 48058
942 ## - ELEMENTOS DE PUNTO DE ACCESO ADICIONAL (KOHA)
Fuente del sistema de clasificación o colocación
Tipo de ítem Koha Libros-BMC
Holdings
Estado de retiro Estado de pérdida Fuente del sistema de clasificación o colocación Estado dañado No para préstamo Localización permanente Ubicación/localización actual Ubicación en estantería Fecha de adquisición Fuente de adquisición Coste, precio normal de compra Signatura topográfica completa Código de barras Fecha visto por última vez Precio válido a partir de Tipo de ítem Koha
          Sala Humanidades Sala Humanidades Book Cart 2022-06-03 Donación 30.00 331.88/L54 SH0000016258 2022-06-03 2022-06-03 Libros-BMC
          Sala Humanidades Sala Humanidades Book Cart 2022-06-03 Donación 30.00 331.88/L54/e.2 SH0000016259 2022-06-03 2022-06-03 Libros-BMC

Powered by Koha